Museum des Wundervollen, oder, Magazin des Außerordentlichen in der Natur, der Kunst und im Menschenleben

Bibliographic Details
New Title:Neues Museum des Wundervollen oder Magazin des Außerordentlichen in der Natur, der Kunst und im Menschenleben
Corporate Author: Baumgärtnerische Buchhandlung (Printer)
Other Authors: Bergk, Johann Adam (Editor)
Format: Journal
Language:German
PhysicalDescription:22 cm
Subjects:

MARC

LEADER 00000nas a2200000 4500
001 vtls012275601
003 SK-MaSNL
005 20260228161046.0
008 250424d18031813gw er p 000 b0ger
015 |a SNBHFB 
040 |a SNKHF  |b slo  |c SNKHF  |e rda 
041 0 |a ger 
044 |a gw  |c DE 
072 7 |a 5  |x Prírodné vedy. Matematické vedy  |2 konspekt 
080 |a (051)-048.55  |2 2011 
080 |a 5  |2 2011 
245 0 0 |a Museum des Wundervollen, oder, Magazin des Außerordentlichen in der Natur, der Kunst und im Menschenleben 
246 3 0 |a Magazin des Außerordentlichen in der Natur, der Kunst und im Menschenleben 
264 3 |a Leipzig  |b Baumgärtnersche Buchhandlung  |c [1803-1813] 
300 |c 22 cm 
310 |a 6x ročne 
336 |a text  |b txt  |2 rdacontent 
337 |a bez média  |b n  |2 rdamedia 
338 |a zväzok  |b nc  |2 rdacarrierr 
362 0 |a [1.1803-12.1812/13]  |z ZDB/2025 
500 |a Editor: Johann Adam Bergk 
546 |a Nemčina  |b Fraktúra 
561 |a Proveniencia: pečiatka Dr. E. Kadarász - ver. not. poz. Margity Zayovej Čís. 11207-11208.  |5 SNK ČC 4448/1805 
561 |a Proveniencia: pečiatka Dr. E. Kadarász - ver. not. poz. Margity Zayovej Čís. 11209-11214.  |5 SNK ČC 4448/1806 
561 |a Proveniencia: pečiatka Dr. E. Kadarász - ver. not. poz. Margity Zayovej Čís. 11321.  |5 SNK ČC 4448/1804/1805 
588 |a Popis podľa: 3. Band, 1 Stück (1804) 
650 0 7 |a prírodné vedy  |2 SNKPH  |9 694 
655 7 |a špecializované časopisy  |2 SNKPH  |9 70509 
700 1 |a Bergk, Johann Adam  |4 edt  |9 267892 
710 2 |a Baumgärtnerische Buchhandlung  |4 prt  |9 183680 
752 |a Nemecko  |d Lipsko 
785 0 0 |t Neues Museum des Wundervollen oder Magazin des Außerordentlichen in der Natur, der Kunst und im Menschenleben 
852 |a snk  |b Zaiova knižnica: Zay 10900-10907  |p ČC 4448/1805-1806 
852 |a snk  |b Zaiova knižnica: Zay 11014  |p ČC 4448/1804-1805 
958 |a DF 
999 |c 4196  |d 6126 
952 |0 0  |1 0  |4 0  |7 0  |8 5  |a SNK  |b SNK  |c SNK_HF  |d 2025-04-24  |i snk2025/6877  |l 0  |o snkČC 4448/1805  |p 17A1489757  |r 2026-02-21 22:33:51  |t Zay 10900-10901  |w 2026-02-21  |y PREZ 
952 |0 0  |1 0  |4 0  |7 0  |8 5  |a SNK  |b SNK  |c SNK_HF  |d 2025-04-24  |i snk2025/6879  |l 0  |o snkČC 4448/1806  |p 17A1489756  |r 2026-02-21 22:33:51  |t Zay 10903-10907  |w 2026-02-21  |y PREZ 
952 |0 0  |1 0  |4 0  |7 0  |8 5  |a SNK  |b SNK  |c SNK_HF  |d 2025-04-24  |i snk2025/6880  |l 0  |o snkČC 4448/1806 D1  |p 17A1489755  |r 2026-02-21 22:33:51  |t Zay 10902  |w 2026-02-21  |y PREZ 
952 |0 0  |1 0  |4 0  |7 0  |8 5  |a SNK  |b SNK  |c SNK_HF  |d 2025-06-16  |i snk2025/9527  |l 0  |o snkČC 4448/1804/1805  |p 17A1489882  |r 2026-02-21 22:34:03  |t Zay 11014  |w 2026-02-21  |y PREZ